Die 20 größten Fußballstadien Hessens - Statistiken

Allgemein
  • Dieses Quiz wurde 23 mal gespielt
  • Das Durchschnittsergebnis liegt bei 5 aus 20
Antwortstatistiken
Kapazität Stadion % Korrekt
59.500 Deutsche Bank Park (Frankfurt/Main-Niederrad)
100%
17.810 Merck-Stadion am Böllenfalltor (Darmstadt)
86%
18.737 Auestadion (Kassel)
71%
20.500 Stadion am Bieberer Berg (Offenbach/Main)
71%
15.000 BRITA-Arena (Wiesbaden)
57%
12.542 PSD Bank Arena (Frankfurt/Main-Bornheim)
38%
18.000 Stadion der Stadt Fulda im Sportpark Johannisau (Fulda)
29%
12.000 Parkstadion im Sportpark (Baunatal-Altenbauna)
19%
12.000 Georg-Gaßmann-Stadion (Marburg)
14%
16.000 Herbert-Dröse-Stadion (Hanau-Wilhelmsbad)
10%
8.000 Hessenkampfbahn an der Alten Orangerie (Kassel)
5%
8.000 Kultur- und Sportzentrum Martinsee (Heusenstamm)
5%
8.000 Stadion der Stadt Wetzlar (Wetzlar)
5%
10.000 Stadion Sommerdamm (Rüsselsheim/Main)
5%
12.000 Helmut-Schön-Sportpark (Wiesbaden)
0%
10.000 Leichtathletikstadion im Bürgerpark Nord (Darmstadt-Fasanerie)
0%
10.000 Sportparkstadion Neu-Isenburg (Neu Isenburg)
0%
12.000 Sportzentrum Nordwest (Bad Homburg vor der Höhe)
0%
8.000 Stadion Am Köppel (Marburg-Cappel)
0%
8.000 Stadion Sandelmühle (Bad Homburg vor der Höhe)
0%
Keine übereinstimmenden Quizze gefunden
Verteilung der Resultate
Anzahl Personen mit jedem Resultat
Perzentil nach korrekt beantworteten Fragen
Ihre Resultats-Entwicklung
Sie haben dieses Quiz noch nicht gespielt